Statistiques concernant Quiz sur le Groenland

Cliquez ici pour prendre le quiz!

Statistiques générales

  • Ce quiz a été pris 5 109 fois
  • Le résultat moyen est 10 sur 16

Statistiques - réponses

QuestionRéponse% Correct
Pays les plus prochesCanada
97%
Le Groenland est un pays constitutif du Royaume de...Danemark
97%
Pays les plus prochesIslande
95%
Pays qui voulait acheter le Groenland pour 100 millions de dollars en 1946Etats-Unis
92%
Peuple qui a colonisé le Groenland à partir de l'an 986Vikings
77%
88% des groenlandais appartiennent à ce groupe ethniqueInuit
73%
Animal qui figure sur les armoiries du GroenlandOurs polaire
65%
Produit alimentaire qui constitue la majorité des exportations groenlandaisesPoisson
64%
Capitale et plus grande villeNuuk
56%
Animal marin que l'on trouve le long des côtes du Groenland et
qui pourrait vivre jusqu'à 500 ans, un record parmi les vertébrés
{Requin} du
Groenland
42%
Espèce souvent méprise pour un bovin qui habite le nord du Groenland{Bœuf} musqué
39%
Malheureusement, le Groenland a un taux de _____
2 fois plus élevé que n'importe quel pays du monde
Suicide
39%
Projection cartographique très utilisée sur laquelle le Groenland
fait la taille de l'Afrique, alors que celle-ci est 14 fois plus grande
Projection de
{Mercator}
36%
Langue officielleGroenlandais
34%
Explorateur qui a fondé la première colonie du GroenlandErik le Rouge
30%
Terme désignant la masse de glace qui recouvre 80% du Groenland,
essentiellement identique à la couche qui recouvre l'Antarctique
Inlandsis
26%

Distribution des résultats

Percentile par nombre de réponses

% des personnes avec chaque résultat

Votre développement - résultats

Vous n’avez pas pris ce quiz